000 005100000a22001570004500
001 002806
003 MACL
040 _aMACL
090 _c14799
_d14798
100 _aChattopadhyaya, D.P
245 _aHistory Of Science , Philosophy And Culture In Indian CivilizationIndian Philosophical Consciousness And Scientific Knowle
_bVol XI Part 1
_cD.P Chattopadhyaya
260 _aProject Of History Of Indian Science, Philosophy And Cultuer,
_c2004
350 _a1450
650 _aPsychology
942 _k150
_cBook
999 _c14714
_d14714